00584nam a2200181Ia 450000500170000000800410001708200080005810000190006624500840008526000560016930000130022565000130023865000130025165000220026494200060028695200950029299900150038720240830061924.0240331s9999 xx 000 0 und d bOBE aObeyesekere, R 0aSri Lankan theatre in a time of terror :bPolitical Satire in a permitted space aColombobCharles Subasinghe & sons ( Pvt) Ltdc1999 a208 p ., aBuddhism aLiteracy aPolitical Science cL 001040708LaWERCLbWERCLcSSCd2024-03-31l0o 792 OBEp2857r2024-03-31w2024-03-31yL c3102d3102